FIFA Wereldkampioenschap Voetbal Gastlanden - Statistieken

Algemene statistieken
  • Deze quiz is 4.862 keer genomen
    3.346 sinds de laatste reset
  • De gemiddelde score is 28 van 33
Antwoordstatistieken
Jaar Land % Correct
1950 Brazilië
97%
2014 Brazilië
97%
1994 Verenigde Staten
96%
Verenigde Staten
96%
2006 Duitsland
95%
1974 (West-)Duitsland
95%
2022 Qatar
94%
1982 Spanje
94%
Spanje
94%
1938 Frankrijk
93%
1998 Frankrijk
93%
1970 Mexico
93%
1986 Mexico
93%
Mexico
93%
2018 Rusland
93%
1978 Argentinië
91%
2030 Argentinië
91%
2026 Canada
91%
Portugal
89%
1934 Italië
86%
1990 Italië
86%
2010 Zuid-Afrika
85%
1930 Uruguay
82%
Uruguay
82%
2002 Japan
81%
Marokko
76%
2034 Saoedi-Arabië
75%
Zuid-Korea
72%
1966 Engeland
68%
1962 Chili
63%
Paraguay
59%
1958 Zweden
59%
1954 Zwitserland
41%
Geen overeenkomende quizzen gevonden
Scoreverdeling
Procent van Mensen met Elke Score
Percentiel versus Aantal Correcte Antwoorden
Uw Scoregeschiedenis
U heeft deze quiz nog niet genomen sinds de laatste reset